| 000 | 00780nam a22002417a 4500 | ||
|---|---|---|---|
| 999 |
_c14994 _d14994 |
||
| 003 | AR-CdUCM | ||
| 008 | 190425b ||||| |||| 00| 0 spa d | ||
| 020 | _a978-84-205-5742-7 | ||
| 040 |
_aMUNICIPALIDAD PROVINCIAL DEL CUSCO _cBIBLIOTECA MUNICIPAL DEL CUSCO |
||
| 082 |
_aEP / 808.8 / _bZ89 |
||
| 100 |
_aZubizarreta, Patxi _933983 |
||
| 245 | _aLa séptima, la vencida / | ||
| 260 |
_aEspaña : _bPearson Educacción, _c2009. |
||
| 300 |
_a47 páginas ; _bilustraciones, _c19.5 cm. |
||
| 440 |
_aColección Alhambra. _933984 |
||
| 650 |
_aLiteratura infantil _9588 |
||
| 650 |
_aCuentos infantiles _93927 |
||
| 650 |
_aSiglo XXI _92856 |
||
| 700 |
_aMichelena, Jokin (ilustración) _933985 |
||
| 710 |
_aPearson _933986 |
||
| 942 |
_2ddc _cLIBROS |
||
| 945 |
_apjha _d2019-04-26 |
||